000 00788nam a22002177a 4500
999 _c20944
_d20944
003 AR-CdUCM
008 190408b ||||| |||| 00| 0 spa d
040 _aMUNICIPALIDAD PROVINCIAL DEL CUSCO
_cBIBLIOTECA MUNICIPAL DEL CUSCO
082 _aEP / 376.16 /
_bES86.
100 _aEspinar la Torre, Oscar
_910991
245 _aLos dioses de la costa peruana /
260 _aLima :
_bSan Marcos,
_c2006.
300 _a71 páginas ;
_bIlustraciones,
_c26 cm.
500 _as/c.
505 _aContenido : Don Celestino y los niños de tucume -- Aia Paec, el degollador -- El entierro del señor de Sipán -- La diosa Shi guia a Naylamp...
650 _aHistoria
_9246
650 _aAntiguos peruanos
_943701
650 _aEducación primaria
_91561
942 _2ddc
_cLIBROS
945 _arcc